[Event "NCA-ch 2nd phase"]
[Site "Managua"]
[Date "2019.01.26"]
[Round "4"]
[White "Solano Gomez, Miguel Amiud"]
[Black "Sandoval Gutierrez, William"]
[Result "0-1"]
[WhiteElo "1494"]
[BlackElo "1639"]
[PlyCount "40"]
[EventDate "2019.01.19"]
[EventType "swiss"]
[EventRounds "9"]
[EventCountry "NCA"]
[SourceTitle "CBM 189 Extra"]
[Source "ChessBase"]
[SourceDate "2019.06.03"]
[SourceVersion "1"]
[SourceVersionDate "2019.06.03"]
[SourceQuality "1"]

1. d4 g6 2. c4 Bg7 3. Nc3 c5 4. d5 d6 5. e4 Nf6 6. f4 b5 7. Bd3 0-0 8. Nf3 b4 9. Ne2 Bg4 10. 0-0 Nbd7 11. Ng3 Nh5 12. Nxh5 Bxh5 13. Qc2 e6 14. dxe6 fxe6 15. Ng5 Qe7 16. Bd2 Bd4+ 17. Kh1 h6 18. Nf3 e5 19. fxe5 dxe5 20. Nxd4 exd4 0-1